000 00731nam a2200265Ia 4500
003 OSt
005 20220912150414.0
006 a|||||r|||| 00| 0
007 ta
008 220909b |||||||| |||| 00| 0 eng d
024 _a27675
037 _cTextual
040 _aCSL
_beng
_cCSL
041 _aeng
082 _aB2817, L13-;1
100 _aBendat Julius S
245 0 _aRandom Data: analysis and measurement procedures
260 _aNew York
_b Wiley interscience
_c1971
300 _axv,407p.
_ccm.
500 _aAppendix 385-396p
650 _aprobability
700 _a Piersol Allan G
942 _hB2817, L13-;1
_cTEXL
_2CC
999 _c46817
_d46817